[Event "Castilla La Mancha Region U14"]
[Site "Horche"]
[Date "2015.03.27"]
[Round "1.4"]
[White "Moreno Valero, Raul"]
[Black "Marcos Alberca Lizcano, Maria Isabel"]
[Result "1-0"]
[WhiteElo "1530"]
[BlackElo "1041"]
[PlyCount "90"]
[EventDate "2015.03.27"]
[EventType "swiss"]
[EventRounds "6"]
[EventCountry "ESP"]
[SourceTitle "EXT 2024"]
[Source "ChessBase"]
[SourceDate "2023.10.10"]
[SourceVersion "1"]
[SourceVersionDate "2023.10.10"]
[SourceQuality "1"]

1. d4 f6 2. Nf3 d6 3. c4 e5 4. e3 Bg4 5. Be2 Nd7 6. 0-0 Ne7 7. h3 Bh5 8. Nc3 c6 9. Re1 Bxf3 10. Bxf3 Ng6 11. Bd2 Be7 12. Qb3 Qb6 13. Qxb6 Nxb6 14. b3 0-0 15. d5 f5 16. dxc6 bxc6 17. Bxc6 Rac8 18. Bd5+ Nxd5 19. Nxd5 Bg5 20. Bb4 Rcd8 21. Nc7 Rd7 22. Ne6 Rb8 23. Bxd6 Rxd6 24. Nxg5 f4 25. exf4 exf4 26. Rad1 Rxd1 27. Rxd1 h6 28. Ne6 Re8 29. Rd8 Rxd8 30. Nxd8 Kf8 31. Nc6 a6 32. Nb4 Ne5 33. Nxa6 Ke7 34. Nc7 g5 35. Nd5+ Kd6 36. Nf6 Kc5 37. Ng4 Nf7 38. a3 Kd4 39. Kf1 Kc3 40. c5 h5 41. Nf6 h4 42. Ne4+ Kxb3 43. c6 Kc4 44. c7 Kd5 45. c8Q Kxe4 1-0